000
00212 a2200097 4500
001
41534
100
_a
Mir Muhammad Hussain
245
_a
Mazameen-e-Quran
260
_a
Lahore
_b
Islamic
_c
090
_c
25681
_d
25681
942
_a
NUST-CAE
_c
M
_c
17426
999
_c
276607
_d
276607